| 000 | 00777nam a2200121Ia 4500 | ||
|---|---|---|---|
| 008 | 220615s9999||||xx |||||||||||||| ||und|| | ||
| 100 | _aDahlvik, Julia | ||
| 245 | 0 | _aInside Asylum Bureaucracy: Organizing Refugee Status Determination in Austria | |
| 546 | _aEnglish[eng] | ||
| 650 | _aStreet level bureaucracy||Public administration||ethnographic methods||organizational sociology||asylum||refugee status determination||öffentliche Verwaltung||Asyl||ethnographische Methoden||Organisationssoziologie||Bestimmung des Flüchtlingsstatus | ||
| 856 | _uhttps://library.oapen.org/bitstream/20.500.12657/27787/1/1002218.pdf||https://library.oapen.org/bitstream/20.500.12657/27787/1/1002218.pdf||https://library.oapen.org/bitstream/20.500.12657/27787/1/1002218.pdf | ||
| 942 | _cEB | ||
| 999 |
_c11857 _d11857 |
||